Chovat se eticky znamená jít proti době
Etika, mravnosť, vyšší princíp ... čo človek, to iná predstava o význame a obsahu týchto pojmov. Etika v podniku , podnik fair play.
Uložené v:
| Hlavný autor: | |
|---|---|
| Médium: | Kapitola |
| Jazyk: | Czech |
| Predmet: | |
| Tagy: |
Žiadne tagy, Buďte prvý, kto otaguje tento záznam!
|
MARC
| LEADER | 00000naa a2200000 4500 | ||
|---|---|---|---|
| 001 | 0161306 | ||
| 005 | 20231113133050.4 | ||
| 041 | 0 | |a cze | |
| 044 | |a CZ | ||
| 245 | 1 | 0 | |a Chovat se eticky znamená jít proti době |c David Kalivoda |
| 520 | |a Etika, mravnosť, vyšší princíp ... čo človek, to iná predstava o význame a obsahu týchto pojmov. Etika v podniku , podnik fair play. | ||
| 610 | 2 | 0 | |a etika podniková |
| 610 | 2 | 0 | |a kultúra podniková |
| 100 | 1 | |a Kalivoda, David | |